Central Library OPAC University of Rajshahi

Basic principles and calculations in chemical engineering / (Record no. 67681)

MARC details
000 -LEADER
fixed length control field 00668nam a2200217 a 4500
001 - CONTROL NUMBER
control field 67681
003 - CONTROL NUMBER IDENTIFIER
rucl marc code BD-RjUL
005 - DATE AND TIME OF LATEST TRANSACTION
control field 20211209081701.0
008 - FIXED-LENGTH DATA ELEMENTS--GENERAL INFORMATION
fixed length control field 170328s1962 njua 001 0 eng d
035 ## - SYSTEM CONTROL NUMBER
System control number (BD-RjUL)67890
040 ## - CATALOGING SOURCE
Original cataloging agency TLM
Transcribing agency TLM
Modifying agency UKM
-- BD-RjUL
Language of cataloging eng
041 ## - LANGUAGE CODE
Language code of text/sound track or separate title eng
082 ## - DEWEY DECIMAL CLASSIFICATION NUMBER
Edition number 23
Classification number 660.2
Author mark and year HIB 1962
100 1# - MAIN ENTRY--PERSONAL NAME
Personal name Himmelblau, David Mautner.
9 (RLIN) 162231
245 10 - TITLE STATEMENT
Title Basic principles and calculations in chemical engineering /
Remainder of title David M. Himmelblau.
260 ## - PUBLICATION, DISTRIBUTION, ETC. (IMPRINT)
Place of publication, distribution, etc. Englewood Cliffs, N.J. :
Name of publisher, distributor, etc. Prentice-Hall,
Date of publication, distribution, etc. c1962.
300 ## - PHYSICAL DESCRIPTION
Pagination viii, 459 p. :
Illustrations ill. ;
Size 24 cm.
500 ## - GENERAL NOTE
General note Includes Index.
650 ## - SUBJECT ADDED ENTRY--TOPICAL TERM
Topical term or geographic name as entry element Chemical engineering
9 (RLIN) 200662
942 ## - ADDED ENTRY ELEMENTS (KOHA)
Source of classification or shelving scheme Dewey Decimal Classification
Koha item type Books
Holdings
Lost status Source of classification or shelving scheme Damaged status Not for loan Collection code Permanent Location Current Location Shelving location Date acquired Source of acquisition Cost, normal purchase price Total Checkouts Full call number Date last seen Copy number Koha item type
  Dewey Decimal Classification   Not For Loan Non-fiction Central Library, University of Rajshahi Central Library, University of Rajshahi Reading Room 22/06/1964 Mirza book 52.50   660.2 HIB 1962 28/03/2017 C-1 Books